00581nam a2200193Ia 4500001000700000003000500007008004100012010001100053040000900064100006100073245010900134260003900243300001800282440001800300500000500318503000500323650004000328650001900368Z_4346CHAP220113s1983 xx 000 0 und d a167416 cCHAP aCentro de Investigación Pecuarias del Estado de Sonora a¿Una vaca y su cría pueden mantenerse todo el año con 3 hectáreas de zacate buffel? /cpor CIPES aCarbo, Sonora :bEl centro,c1983 a16 p. ; ilus. aRancho; 1 (4) a a aGanado vacunoxAlimentación I. t. aZacate buffel